Geography Quiz

Random Geography or City Quiz
Score 0/20 Timer 02:00
26 Plays Today
Category Answer % Correct
European capitalBrussels
92.6%
North American countryBahamas
89.9%
European countryBulgaria
88.4%
South American countryBolivia
88.4%
SeaBaltic
88.2%
New York City boroughBronx
87.8%
South American capitalBogotá
80.3%
African countryBenin
78.7%
Olympic cityBarcelona
78.7%
Asian countryBahrain
72.4%
Category Answer % Correct
Asian capitalBaghdad
69.7%
US state capitalBoston
63.6%
Major island*Borneo
59.2%
Australian cityBrisbane
53.9%
Canadian provinceBritish Columbia
50.7%
North American capitalBelmopan
37.4%
African capitalBamako
35.9%
River*Belaya
35.2%
Mountain*Broad Peak
12.4%
DesertBayuda
5.6%
Remove Ads.
Support Sporcle.
Get the best of Sporcle when you Go Orange. This ad-free experience offers more features, more stats, and more fun while also helping to support Sporcle. Thank you for becoming a member.

You're not logged in!

Compare scores with friends on all Sporcle quizzes.
OR
Log In

Show Comments

Extras

Top Quizzes Today


Score Distribution

Your Account Isn't Verified!

In order to create a playlist on Sporcle, you need to verify the email address you used during registration. Go to your Sporcle Settings to finish the process.

Report this User

Report this user for behavior that violates our Community Guidelines.

Details: